000 00949nam a2200301 a 4500
001 13713
003 VRT
005 20240905141757.0
008 021202s2002 xo 000 j slo c
020 _a8071456713 (viaz.)
035 _aUKB000317456
040 _aBA001
_bslo
_cBA001
_eAACR2
041 1 _aslo
044 _axo
_cSK
080 _a885.4-32
100 1 _aMatkin, Maxim E.
245 0 0 _aPolnočný denník
_b[prvý slovenský internetový bestseller]
_cMaxim E. Matkin
260 _aBratislava
_bSlovart
_c2002
300 _a174 s
650 0 7 _aliteratúra slovenská
_xpoviedky internetové
650 0 7 _apoviedky internetové slovenské
653 _a885.4-32
910 _aukb
942 _2ddc
_cKLDO
_n0
949 _61800192818
_a30.D.87356
_bKD.767-2002
_q2.9.2019 - popísaná perom.
_r2.9.2019 - poškodená
949 _61800202231
_aSL.D.45289
_bPV.9527-2002
949 _61800202232
_aSK.D.14955
_bPV.9528-2002
_s6707:20060719
999 _c13713
_d13713